El obstáculo

שמור ב:
מידע ביבליוגרפי
מחבר ראשי: Colette
פורמט: ספר
שפה:Undetermined
יצא לאור: Barcelona, España Editorial Argos Vergara 1982
נושאים:
תגים: הוספת תג
אין תגיות, היה/י הראשונ/ה לתייג את הרשומה!

MARC

LEADER 00000nam a2200000Ia 4500
008 170316s9999 xx 000 0 und d
040 |a cru BVZT 
090 |a 840 C-9o 
100 |a Colette 
245 |a El obstáculo 
260 |a Barcelona, España 
260 |b Editorial Argos Vergara 
260 |c 1982 
300 |a 198 páginas 
650 |a LITERATURA FRANCESA 
999 |c 7615  |d 7615 
942 |c 15 D  |h 840 C-9o  |2 z